01655nam a2200301 4500001000400000003000400004005001700008008004100025020001500066040000800081041001300089082001400102100002900116240004400145245011000189260003300299300001600332520085500348650002401203650001001227650001801237650001601255650001601271650001001287655001201297655001601309700002801325223OSt20250528074015.0250203b |||||||g |||| 00| 1 eng d a8501071439 bpor hitaapor a853bE19m1 aEco, Umberto,d1932-2016 aLa misteriosa fiamma della Regina Loana aA misteriosa chama da rainha Loana: b Romance Ilustrado /cEco, Umberto ; Tradução de Eliana Aguiar  aRio de JaneirobRecordc2005 a453 p.bil. aUma obra destinada a se tornar um clássico” – La Repubblica Personagens históricos em uma delirante trama fantástica. Trinta anos após O nome da rosa, Umberto Eco nos envolve, mais uma vez, em uma narrativa vertiginosa, na qual se desenrola uma história de complôs, enganos, falsificações e assassinatos, em que encontramos o jovem médico Sigmund Freud (que prescreve terapias à base de hipnose e cocaína), o escritor Ippolito Nievo, judeus que querem dominar o mundo, uma satanista, missas negras, os documentos falsos do caso Dreyfus, jesuítas que conspiram contra maçons, Garibaldi e a formação dos Protocolos dos Sábios de Sião. Curiosamente, a única figura de fato inventada nesse romance é o protagonista Simone Simonini, embora, como diz o autor, basta falar de algo para esse algo passar a existir... 0aLiteratura italiana 0aDrama 0aPsicológico 0aHistórico 0aClássicos 0aHumor 0aRomance 0aFicção  aEliana AguiareTradutor